|
|
|
|
| LEADER |
01592nam a22003857a 4500 |
| 001 |
35578 |
| 003 |
BD-DhAAL |
| 005 |
20250626120652.0 |
| 008 |
191218t1995 wau||||| b||| 001 0 eng d |
| 020 |
|
|
|a 0935302204
|
| 040 |
|
|
|a BD-DhAAL
|d BD-DhAAL
|
| 082 |
|
|
|a 370.78073
|
| 245 |
|
|
|a Review of research in education.
|n volume 21, 1995-1996 /
|c edited by Michael W. Apple; contributors, Sandra Acker ...[et..al].
|
| 246 |
|
|
|a Review of research in education
|
| 260 |
|
|
|a Washington, D.C. :
|b American Educational Research Association,
|c 1995.
|
| 300 |
|
|
|a xviii, 331 pages ;
|c 24 cm.
|
| 362 |
|
|
|a Vol. 21
|
| 505 |
|
|
|a 1. Discourse and education--2. Gendered realities--3. Politics and methods.
|
| 526 |
|
|
|a BIED
|
| 541 |
|
|
|a Complimentary copy from BIED
|e 35578
|
| 650 |
|
|
|a Education
|x Research
|z United States
|v Periodicals.
|9 35427
|
| 650 |
|
|
|a Education
|x Research.
|9 35428
|
| 650 |
|
|
|a Social science
|9 35558
|
| 700 |
|
|
|a Apple, Michael W.
|9 35429
|
| 700 |
|
|
|a Acker, Sandra.
|9 35578
|
| 700 |
|
|
|a Pat, Burdell.
|9 35430
|
| 700 |
|
|
|a Casey, Kathleen.
|9 35431
|
| 700 |
|
|
|a Hicks, Deborah.
|9 35432
|
| 700 |
|
|
|a Luke, Allan.
|9 35433
|
| 700 |
|
|
|a Torres, Carlos Alberto.
|9 35434
|
| 710 |
|
|
|a American Educational Research Association,
|e issuing body.
|9 35441
|
| 852 |
|
|
|a Ayesha Abed Library
|c BIED Collection
|
| 942 |
|
|
|2 ddc
|c BK
|
| 999 |
|
|
|c 42070
|d 42070
|
| 952 |
|
|
|0 0
|1 0
|2 ddc
|4 0
|6 370_780730000000000_REV
|7 0
|9 67505
|a BRACUL
|b BRACUL
|c GEN
|d 2019-12-18
|e Complimentary copy from BIED
|l 0
|o 370.78073 REV
|p 3010035578
|r 2019-12-18
|t 1
|w 2019-12-18
|y BK
|x Transferred from BIED to General Stacks
|